| 000 | 00703nam a2200229 a 4500 | ||
|---|---|---|---|
| 001 | 000506170 | ||
| 003 | AM-YEHGA | ||
| 005 | 20250617164723.0 | ||
| 008 | 061027s1993 nju|||||||||||||||0|eng|d | ||
| 020 | _a1560000252 | ||
| 040 | _aAM-YeHGA | ||
| 041 | 0 | _aeng | |
| 100 | 1 | _aBakalian, Anny P. | |
| 245 | 1 | 0 |
_aArmenian-Americans : _bFrom being to feeling Armenian / _cAnny Bakalian. |
| 260 |
_aNew Brunswick (U.S.A.) : _bTransaction Publishers, _c1993. |
||
| 300 |
_axii, 511 p. ; _c24 cm. |
||
| 504 | _aIncludes bibliogr. references (p. 445-470) | ||
| 650 | 1 | 4 |
_aArmenian Americans _xCultural assimilation |
| 650 | 1 | 4 |
_aArmenian Americans _xEthnic identity. |
| 942 |
_2udc _cBK |
||
| 090 | _c566890 | ||
| 999 |
_c528639 _d528639 |
||